MARC

LEADER 00000nam0a2200000 4500
001 320685
005 20231102003314.0
035 |a (RuTPU)RU\TPU\book\346216 
090 |a 320685 
100 |a 20160714d1938 m y0rusy50 ca 
101 0 |a rus 
102 |a RU 
105 |a a z 001zb 
200 1 |a Микельанджело  |f К. А. Ситник 
210 |a Ленинград  |c Искусство  |d 1938 
215 |a 40 с.  |c ил. 
320 |a Перечень иллюстраций: с. 38-40 
600 0 |a Микеланджело Буонарроти  |c итальянский скульптор  |c живописец  |c архитектор  |c поэт  |f 1475-1564  |2 stltpush  |3 (RuTPU)RU\TPU\pers\1034  |9 457 
606 |a Скульпторы  |2 stltpush  |3 (RuTPU)RU\TPU\subj\55078  |9 73150 
610 1 |a Италия 
610 1 |a 16 век 
610 1 |a скульптура 
610 1 |a живопись 
610 1 |a Возрождение 
610 1 |a жизнь 
610 1 |a творчество 
675 |a 73.071  |v 4 
700 1 |a Ситник  |b К. А. 
801 1 |a RU  |b 63413507  |c 20160714 
801 2 |a RU  |b 63413507  |c 20200728  |g RCR 
942 |c BK